• Straus Karl

di Personal Name

Records bibliografici associati: 1

001 - CONTROL NUMBER

  • control field: 52897

003 - CONTROL NUMBER IDENTIFIER

  • control field: IT-RoPau

005 - DATE AND TIME OF LATEST TRANSACTION

  • control field: 20151203092125.0

008 - FIXED-LENGTH DATA ELEMENTS

  • fixed length control field: 151203|| aca||aabn | a|a d

040 ## - CATALOGING SOURCE

  • Original cataloging agency: IT-RoPau
  • Transcribing agency: IT-RoPau

100 ## - HEADING--PERSONAL NAME

  • Personal name: Straus Karl
  • Relator term: (soggetto)
  • Miscellaneous information: Codice Soggetto SPICS: 34588

670 ## - SOURCE DATA FOUND

  • Source citation: Work cat.: (IT-RoPau)107627: Straus Karl Codice regista SPICS: 34588 52892, ULTIMI GIORNI DELL'UMANITA' (GLI)-PRIMA PARTE ULTIMI GIORNI DELL'UMANITA' (GLI)-PRIMA PARTE (Rif. Codice opera principale : A1034)
CREDITS: SOCIETA' SAN PAOLO Via A.Severo, 58 - ROMA (RM) & PERIODICI SAN PAOLO SRL Via Giotto, 36 MILANO & CISF Via Giotto, 36 MILANO & EDIZIONI SAN PAOLO SRL,  Piazza Soncino, 5 CINISELLO BALSAMO (MI) -- ITALY